|
|
|
|
| LEADER |
00000nam0a2200000 4500 |
| 001 |
30553 |
| 005 |
20231101205959.0 |
| 010 |
|
|
|a 5755201196
|
| 035 |
|
|
|a (RuTPU)RU\TPU\book\30824
|
| 035 |
|
|
|a BOOK00030901
|
| 090 |
|
|
|a 30553
|
| 100 |
|
|
|a 20011209d1999 km y0rusy50 ca
|
| 101 |
0 |
|
|a ita
|a rus
|
| 102 |
|
|
|a RU
|
| 105 |
|
|
|a y e 000zy
|
| 200 |
1 |
|
|a Русско-итальянский разговорник
|d Guida di conversazione russo-italiana
|f Г. А. Красова
|
| 210 |
|
|
|a Москва
|c Филология
|d 1999
|
| 215 |
|
|
|a 319 с.
|
| 510 |
1 |
|
|a Guida di conversazione russo-italiana
|z ita
|
| 606 |
1 |
|
|a Итальянский язык
|x Словари
|2 stltpush
|3 (RuTPU)RU\TPU\subj\13311
|9 39936
|
| 610 |
1 |
|
|a словари
|
| 610 |
1 |
|
|a разговорники
|
| 610 |
1 |
|
|a лексика
|
| 686 |
|
|
|a Ш147.31-4
|v LBC/SL-A
|2 rubbk
|
| 700 |
|
1 |
|a Красова
|b Г. А.
|g Галина Алексеевна
|
| 801 |
|
0 |
|a RU
|b 63413507
|c 20011209
|g PSBO
|
| 801 |
|
2 |
|a RU
|b 63413507
|c 20161107
|g PSBO
|
| 942 |
|
|
|c BK
|